00397nam a2200121Ia 4500008004100000245013600041260001700177260000900194300000800203650002300211650001200234856002900246170516s9999 xx 000 0 und d 2aA Light-Driven Therapy of Pancreatic Adenocarcinoma Using Gold Nanorods-Based Nanocarriers for Co-Delivery of Doxorubicin and siRNA bTheranostics c2015 a5:8 xMedical Technology xMedtech uhttp://www.thno.org/v5i8